Từ điển trái nghĩa - đồng nghĩa Tiếng Việt Dùng cho học sinh các cấp
Đã lưu trong:
| Tác giả chính: | |
|---|---|
| Định dạng: | Sách |
| Năm xuất bản: |
H
Đại học quốc gia
2001
|
| Chủ đề: | |
| Tags: |
Thêm thẻ
Không có thẻ, Hãy là người đầu tiên gắn thẻ bản ghi này!
|
| LEADER | 02083nam a2200301 4500 | ||
|---|---|---|---|
| 082 | |a 495.922 312 |b D561K | ||
| 100 | |a Dương Kỳ Đức | ||
| 245 | |a Từ điển trái nghĩa - đồng nghĩa Tiếng Việt |c Dương Kỳ Đức chủ biên, Vũ Quang Hào |b Dùng cho học sinh các cấp | ||
| 260 | |a H |b Đại học quốc gia |c 2001 | ||
| 300 | |a 222tr |c 19cm. | ||
| 500 | |a | ||
| 520 | |a | ||
| 653 | |a Ngôn ngữ | ||
| 653 | |a Tiếng Việt | ||
| 653 | |a Từ đồng nghĩa | ||
| 653 | |a Từ trái nghĩa | ||
| 653 | |a Từ điển | ||
| 942 | |2 ddc |c STK0 | ||
| 999 | |c 10136 |d 10136 | ||
| 952 | |0 0 |1 0 |2 ddc |4 0 |6 495_922000000000000_312_D561K |7 0 |8 400 |9 79003 |a qbu |b qbu |c D2 |d 2015-07-20 |g 18000 |o 495.922 312 D561K |p 10269.c1 |r 0000-00-00 |w 2015-07-20 |y STK0 | ||
| 952 | |0 0 |1 0 |2 ddc |4 0 |6 495_922000000000000_312_D561K |7 0 |8 400 |9 79004 |a qbu |b qbu |c D2 |d 2015-07-20 |g 18000 |o 495.922 312 D561K |p 10269.c2 |r 0000-00-00 |w 2015-07-20 |y STK0 | ||
| 952 | |0 0 |1 0 |2 ddc |4 0 |6 495_922000000000000_312_D561K |7 0 |8 400 |9 79005 |a qbu |b qbu |c D2 |d 2015-07-20 |g 18000 |o 495.922 312 D561K |p 10269.c3 |r 0000-00-00 |w 2015-07-20 |y STK0 | ||
| 952 | |0 0 |1 0 |2 ddc |4 0 |6 495_922000000000000_312_D561K |7 0 |8 400 |9 79006 |a qbu |b qbu |c D2 |d 2015-07-20 |g 18000 |o 495.922 312 D561K |p 10269.c4 |r 0000-00-00 |w 2015-07-20 |y STK0 | ||
| 952 | |0 0 |1 0 |2 ddc |4 0 |6 495_922000000000000_312_D561K |7 0 |8 400 |9 79007 |a qbu |b qbu |c D2 |d 2015-07-20 |g 18000 |o 495.922 312 D561K |p 10269.c5 |r 0000-00-00 |w 2015-07-20 |y STK0 | ||
| 952 | |0 0 |1 0 |2 ddc |4 0 |6 495_922000000000000_312_D561K |7 0 |8 400 |9 79008 |a qbu |b qbu |c D2 |d 2015-07-20 |g 18000 |o 495.922 312 D561K |p 10269.c6 |r 0000-00-00 |w 2015-07-20 |y STK0 | ||
| 952 | |0 0 |1 0 |2 ddc |4 0 |6 495_922000000000000_312_D561K |7 0 |8 400 |9 79009 |a qbu |b qbu |c D2 |d 2015-07-20 |g 18000 |o 495.922 312 D561K |p 10269.c7 |r 0000-00-00 |w 2015-07-20 |y STK0 | ||
| 952 | |0 0 |1 0 |2 ddc |4 0 |6 495_922000000000000_312_D561K |7 0 |8 400 |9 79010 |a qbu |b qbu |c D2 |d 2015-07-20 |g 18000 |o 495.922 312 D561K |p 10269.c8 |r 0000-00-00 |w 2015-07-20 |y STK0 | ||
| 952 | |0 0 |1 0 |2 ddc |4 0 |6 495_922000000000000_312_D561K |7 0 |8 400 |9 79011 |a qbu |b qbu |c D2 |d 2015-07-20 |g 18000 |o 495.922 312 D561K |p 10269.c9 |r 0000-00-00 |w 2015-07-20 |y STK0 | ||